Copa Libertadores - Campeones por año - Estadísticas

Estadísticas generales
  • Esta prueba ha sido intentada 6.313 veces
    5.034 desde el último reinicio
  • La puntuación promedio es 19 de 27
Estadísticas de respuestas
Año Equipo % Correcto
1977, 1978, 2000, 2001, 2003, 2007 Boca Juniors
99%
1986, 1996, 2015, 2018 River Plate
99%
1981, 2019, 2022, 2025 Flamengo
87%
1964, 1965, 1972, 1973, 1974, 1975, 1984 Independiente
85%
1962, 1963, 2011 Santos
85%
2024 Botafogo
84%
1999, 2020, 2021 Palmeiras
84%
2023 Fluminense
82%
1960, 1961, 1966, 1982, 1987 Peñarol
80%
1967 Racing Club
80%
1971, 1980, 1988 Nacional
78%
1991 Colo-Colo
77%
2014 San Lorenzo
73%
1968, 1969, 1970, 2009 Estudiantes
71%
1992, 1993, 2005 São Paulo
71%
2012 Corinthians
68%
1983, 1995, 2017 Grêmio
68%
2013 Atletico Mineiro
67%
1989, 2016 Atlético Nacional
66%
1994 Vélez Sarsfield
60%
1979, 1990, 2002 Olimpia
59%
2006, 2010 Internacional
57%
2004 Once Caldas
57%
1976, 1997 Cruzeiro
53%
1985 Argentinos Juniors
52%
2008 Liga de Quito
52%
1998 Vasco da Gama
51%
No se encontraron pruebas coincidentes
Distribución de puntuación
Porcentaje de gente con cada puntuación
Porcentaje por número respondido
Historial de tus puntuaciones
No has intentado esta prueba desde el último reinicio